000
00305nam a2200145Ia 4500
100
_a
Shaikh/I.A.
942
_c
BK
654
_a
Science I
245
_a
Applied Science I / Applied Physics I
260
_b
Nandu Pub
_c
2002
082
_a
530
_b
SHA
300
_a
200
546
_a
ENGLISH
999
_c
32984
_d
32984